Loading...
| Arts - Music | 1 | 2 | 0 | 2 | 35 | 34 | 103.33 | 1 | 3 |
| History - Other History | 1 | 2 | 0 | 1 | 35 | 50 | 103.00 | 1 | 3 |
| Other - Geo/CE | 0 | 3 | 0 | 0 | 30 | 85 | 88.67 | 0 | 2 |
| Beliefs - Mythology | 1 | 1 | 0 | 0 | 25 | 58 | 79.50 | 1 | 1 |
| Science - Chemistry | 0 | 2 | 0 | 1 | 20 | 107 | 114.50 | 0 | 2 |
| Beliefs - Religion | 0 | 2 | 0 | 0 | 20 | 91 | 100.50 | 0 | 2 |
| Science - Other Science | 0 | 2 | 0 | 1 | 20 | 112 | 117.00 | 0 | 1 |
| Arts - Other Arts | 1 | 0 | 0 | 0 | 15 | 52 | 52.00 | 1 | 1 |
| Thought - Social Science | 0 | 1 | 0 | 0 | 10 | 124 | 124.00 | 0 | 0 |
| Literature - British Lit | 0 | 1 | 0 | 0 | 10 | 120 | 120.00 | 0 | 0 |
| Other - Other Academic | 0 | 1 | 0 | 0 | 10 | 86 | 86.00 | 1 | 1 |
| Science - Biology | 0 | 1 | 1 | 0 | 5 | 102 | 102.00 | 0 | 1 |
| History - World History | 0 | 1 | 1 | 0 | 5 | 85 | 85.00 | 0 | 1 |
| Arts - Painting | 0 | 1 | 1 | 0 | 5 | 106 | 106.00 | 0 | 1 |
| History - Euro History | 0 | 0 | 1 | 0 | -5 | 0.00 | 0 | 0 |